[Event "POL-chT 2nd League"]
[Site "Jastrzebia Gora"]
[Date "2023.09.07"]
[Round "6.14"]
[White "Kozlowski, Michal"]
[Black "Kosiorek, Marek"]
[Result "1/2-1/2"]
[WhiteElo "2048"]
[BlackElo "2259"]
[PlyCount "67"]
[EventDate "2023.09.02"]
[EventType "team-swiss"]
[EventRounds "9"]
[EventCountry "POL"]
[SourceTitle "EXT 2024"]
[Source "ChessBase"]
[SourceDate "2023.10.10"]
[SourceVersion "1"]
[SourceVersionDate "2023.10.10"]
[SourceQuality "1"]
[WhiteTeam "Olsztyn Trzydziestka"]
[BlackTeam "Zielonka Zieloni"]
[WhiteTeamCountry "POL"]
[BlackTeamCountry "POL"]

1. e4 c5 2. Nf3 a6 3. c4 d6 4. d4 cxd4 5. Nxd4 g6 6. Nc3 Bg7 7. Be3 Nf6 8. Be2 0-0 9. 0-0 Nc6 10. Qd2 Bd7 11. f3 Nxd4 12. Bxd4 Bc6 13. b4 Bd7 14. Rfd1 Be6 15. Na4 Nd7 16. Bxg7 Kxg7 17. Qd4+ Kg8 18. f4 Qc7 19. Rac1 a5 20. b5 Rac8 21. f5 gxf5 22. exf5 Bxf5 23. Rc3 Bg6 24. Rg3 Ne5 25. Nb6 Rce8 26. Ra3 f6 27. Rxa5 Kh8 28. Ra7 Rg8 29. Nd5 Qc8 30. Ra3 Bf7 31. Nb6 Qc7 32. Rc3 Rg5 33. a4 Reg8 34. g3 1/2-1/2

[Event "POL-ch blitz"]
[Site "Suwalki"]
[Date "2022.09.24"]
[Round "7"]
[White "Kozlowski, Michal"]
[Black "Adamski, Adam"]
[Result "1-0"]
[WhiteElo "2039"]
[BlackElo "1886"]
[PlyCount "49"]
[EventDate "2022.09.24"]
[EventType "swiss (blitz)"]
[EventRounds "15"]
[EventCountry "POL"]
[SourceTitle "CBM 210 Extra"]
[Source "ChessBase"]
[SourceDate "2022.11.30"]
[SourceVersion "1"]
[SourceVersionDate "2022.11.30"]
[SourceQuality "1"]

1. e4 c6 2. d4 d5 3. e5 c5 4. dxc5 e6 5. Nf3 Bxc5 6. a3 Nd7 7. Bd3 Qc7 8. Qe2 Ne7 9. b4 Bb6 10. Bb2 Ng6 11. g3 a5 12. 0-0 axb4 13. axb4 Rxa1 14. Bxa1 0-0 15. Nbd2 d4 16. Nc4 Nb8 17. Nxd4 Nc6 18. Nb5 Qd8 19. Nbd6 Bd4 20. Bxd4 Nxd4 21. Qe4 Nc6 22. Nxc8 Qxc8 23. Nd6 Qb8 24. f4 Nge7 25. Qxh7# 1-0

[Event "POL-ch U18"]
[Site "Sypniewo"]
[Date "2022.03.24"]
[Round "6"]
[White "Zabron, Maksym"]
[Black "Kozlowski, Michal"]
[Result "1/2-1/2"]
[WhiteElo "1934"]
[BlackElo "2078"]
[PlyCount "60"]
[EventDate "2022.03.19"]
[EventType "swiss"]
[EventRounds "9"]
[EventCountry "POL"]
[SourceTitle "CBM 207 Extra"]
[Source "ChessBase"]
[SourceDate "2022.05.31"]
[SourceVersion "1"]
[SourceVersionDate "2022.05.31"]
[SourceQuality "1"]

1. d4 Nf6 2. c4 e6 3. Nf3 b6 4. g3 Bb7 5. Bg2 Bb4+ 6. Bd2 Be7 7. 0-0 0-0 8. Nc3 Ne4 9. d5 exd5 10. cxd5 Nxd2 11. Qxd2 d6 12. Rac1 a5 13. b3 Nd7 14. a3 c5 15. dxc6 Bxc6 16. Nd5 Bxd5 17. Qxd5 Nf6 18. Qb5 d5 19. b4 axb4 20. axb4 Qd6 21. Rc6 Qxb4 22. Rxb6 Qxb5 23. Rxb5 Rfb8 24. Rxb8+ Rxb8 25. Rd1 Kf8 26. Nd4 Bc5 27. Bf3 Rb6 28. e3 Bxd4 29. Rxd4 Rb5 30. e4 dxe4 1/2-1/2

[Event "POL-ch U18"]
[Site "Sypniewo"]
[Date "2022.03.20"]
[Round "2"]
[White "Malik, Maciej"]
[Black "Kozlowski, Michal"]
[Result "1/2-1/2"]
[WhiteElo "1912"]
[BlackElo "2078"]
[PlyCount "203"]
[EventDate "2022.03.19"]
[EventType "swiss"]
[EventRounds "9"]
[EventCountry "POL"]
[SourceTitle "CBM 207 Extra"]
[Source "ChessBase"]
[SourceDate "2022.05.31"]
[SourceVersion "1"]
[SourceVersionDate "2022.05.31"]
[SourceQuality "1"]

1. e4 c5 2. Nf3 e6 3. d4 cxd4 4. c3 dxc3 5. Nxc3 Nc6 6. Bc4 Nf6 7. Qe2 d6 8. 0-0 a6 9. Rd1 Qc7 10. Bf4 Ne5 11. Nxe5 dxe5 12. Bg3 Be7 13. Rac1 0-0 14. Bxe6 fxe6 15. Nd5 Nxd5 16. Rxc7 Nxc7 17. Bxe5 Ne8 18. Qc4 Bf6 19. Bg3 Rf7 20. e5 Be7 21. a4 Bg5 22. a5 Rc7 23. Qa4 Rc6 24. Qa3 Rc7 25. Qa4 Rc6 26. Bh4 Bxh4 27. Qxh4 Bd7 28. Qe7 Rc7 29. h4 Bc6 30. Qxe6+ Rf7 31. Qb3 Nc7 32. f4 g6 33. Rd6 Re8 34. g3 Kg7 35. h5 gxh5 36. Qd1 Rf5 37. Kh2 Ref8 38. Rd8 R8f7 39. Rd6 Nb5 40. Rd8 Nc7 41. Qd6 Nb5 42. Qb4 Nc7 43. Qc3 Nb5 44. Qe3 Re7 45. Qc5 Ref7 46. Qc4 Nc7 47. e6 R7f6 48. Rd7+ Bxd7 49. Qxc7 Rxe6 50. Qxd7+ Kf6 51. Qxh7 Rb5 52. Qc2 Rc6 53. Qd2 Rcc5 54. Kh3 Rd5 55. Qc3+ Ke6 56. b4 Kd6 57. Qf6+ Kd7 58. Qf7+ Kd6 59. Qf6+ Kd7 60. Qc3 Rf5 61. Kg2 Rfd5 62. Kf3 b6 63. Qg7+ Kc6 64. Qg6+ Kc7 65. Qf7+ Kd6 66. Qf8+ Kc7 67. axb6+ Rxb6 68. Qf7+ Kd6 69. Qf6+ Kc7 70. Qe7+ Kb8 71. Qe8+ Kc7 72. Qf7+ Kd6 73. f5 Rbb5 74. Qe6+ Kc7 75. f6 Rf5+ 76. Ke4 Rf2 77. Qe7+ Kc6 78. Qe6+ Kc7 79. Qxa6 Rbf5 80. Qc4+ Kd6 81. b5 Rxf6 82. b6 Re6+ 83. Kd4 Rd2+ 84. Kc3 Ree2 85. Qf4+ Kc6 86. Qh6+ Kb7 87. Qxd2 Rxd2 88. Kxd2 Kxb6 89. Ke3 Kc6 90. Kf4 h4 91. g4 Kd6 92. g5 Ke6 93. Kg4 h3 94. Kxh3 Kf5 95. Kh4 Kg6 96. Kg4 Kg7 97. Kf5 Kf7 98. g6+ Kg7 99. Kg5 Kg8 100. Kh6 Kh8 101. g7+ Kg8 102. Kg6 1/2-1/2

[Event "Suwalki Warakomska Memorial 5th"]
[Site "Suwalki"]
[Date "2021.07.31"]
[Round "6"]
[White "Kozlowski, Michal"]
[Black "Piekielny, Pawel"]
[Result "0-1"]
[WhiteElo "2043"]
[BlackElo "2150"]
[PlyCount "90"]
[EventDate "2021.07.27"]
[EventType "swiss"]
[EventRounds "9"]
[EventCountry "POL"]
[SourceTitle "CBM 203 Extra"]
[Source "ChessBase"]
[SourceDate "2021.09.30"]
[SourceVersion "1"]
[SourceVersionDate "2021.09.30"]
[SourceQuality "1"]

1. e4 c6 2. d4 d5 3. e5 c5 4. dxc5 e6 5. Nf3 Bxc5 6. Bd3 Ne7 7. a3 Ng6 8. b4 Be7 9. Bb2 0-0 10. 0-0 a5 11. b5 b6 12. g3 Nd7 13. Nbd2 Qc7 14. Qe2 Nc5 15. h4 Rd8 16. a4 h6 17. h5 Nf8 18. Nd4 Bb7 19. f4 Nfd7 20. N2f3 Ne4 21. Kh2 Ndc5 22. Nb3 Rac8 23. Nxc5 Bxc5 24. Rac1 Qe7 25. Nd2 Nxd2 26. Qxd2 d4 27. Qe2 Bb4 28. f5 exf5 29. Rxf5 Bc3 30. Bxc3 dxc3 31. Rcf1 Bd5 32. Qe3 Rc5 33. Rf6 Be6 34. R6f2 Qg5 35. Qxg5 hxg5 36. Rd1 Kf8 37. Re1 Rd4 38. Ra1 Rxe5 39. Ra3 Rc5 40. Ra1 g4 41. Rf4 Rxh5+ 42. Kg2 Bd5+ 43. Kf2 Rxf4+ 44. gxf4 Rh3 45. Bf1 g3+ 0-1

[Event "Suwalki Warakomska Memorial 5th"]
[Site "Suwalki"]
[Date "2021.07.29"]
[Round "3"]
[White "Rudzinska, Michalina"]
[Black "Kozlowski, Michal"]
[Result "1-0"]
[WhiteElo "2238"]
[BlackElo "2043"]
[PlyCount "73"]
[EventDate "2021.07.27"]
[EventType "swiss"]
[EventRounds "9"]
[EventCountry "POL"]
[SourceTitle "CBM 203 Extra"]
[Source "ChessBase"]
[SourceDate "2021.09.30"]
[SourceVersion "1"]
[SourceVersionDate "2021.09.30"]
[SourceQuality "1"]

1. Nf3 Nf6 2. b3 b6 3. Bb2 Bb7 4. e3 e6 5. d4 d6 6. Bd3 Be7 7. Nbd2 c5 8. 0-0 0-0 9. dxc5 bxc5 10. Qe2 Nc6 11. c4 Nb4 12. Bb1 e5 13. a3 Nc6 14. Rd1 Qc7 15. Ng5 h6 16. Nge4 Nxe4 17. Nxe4 Na5 18. Ng3 g6 19. Bc2 f5 20. Bc3 Rac8 21. f4 Nc6 22. Nxf5 Rxf5 23. Bxf5 gxf5 24. Qh5 Bf8 25. fxe5 Nxe5 26. Bxe5 dxe5 27. Qxf5 Bc6 28. Rd2 Re8 29. Rf1 Qg7 30. Rdf2 Bd6 31. e4 Bd7 32. Qh5 Rf8 33. Qd1 Rxf2 34. Rxf2 Bf8 35. Qd5+ Kh8 36. Rf7 Bc6 37. Qe6 1-0

[Event "Warsaw Najdorf Memorial op-A"]
[Site "Warsaw"]
[Date "2021.07.15"]
[Round "6"]
[White "Kozlowski, Michal"]
[Black "Goluch, Piotr"]
[Result "0-1"]
[WhiteElo "2043"]
[BlackElo "2333"]
[PlyCount "66"]
[EventDate "2021.07.10"]
[EventType "swiss"]
[EventRounds "9"]
[EventCountry "POL"]
[SourceTitle "EXT 2022"]
[Source "ChessBase"]
[SourceDate "2021.10.06"]
[SourceVersion "1"]
[SourceVersionDate "2021.10.06"]
[SourceQuality "1"]

1. e4 c5 2. Nf3 d6 3. d4 cxd4 4. Nxd4 Nf6 5. Nc3 Nc6 6. Bc4 e6 7. Be3 a6 8. Qe2 Bd7 9. Bb3 b5 10. a4 b4 11. Na2 Nxe4 12. Nxc6 Bxc6 13. Nxb4 Qa5 14. c3 Bb7 15. 0-0 Be7 16. f3 Nf6 17. Qf2 Nd7 18. Qg3 0-0 19. Rad1 Qh5 20. Bd4 g6 21. Qe1 a5 22. Nd3 e5 23. Be3 d5 24. c4 Bd6 25. cxd5 Ba6 26. Rf2 Bxd3 27. Rxd3 e4 28. g4 Qh3 29. Rd4 Ne5 30. Rxe4 Nxf3+ 31. Rxf3 Qxf3 32. Rc4 Rae8 33. Rc3 Bf4 0-1

[Event "Warsaw Najdorf Memorial op-A"]
[Site "Warsaw"]
[Date "2021.07.12"]
[Round "3"]
[White "Godzwon, Iwo"]
[Black "Kozlowski, Michal"]
[Result "1-0"]
[WhiteElo "2375"]
[BlackElo "2043"]
[PlyCount "45"]
[EventDate "2021.07.10"]
[EventType "swiss"]
[EventRounds "9"]
[EventCountry "POL"]
[SourceTitle "EXT 2022"]
[Source "ChessBase"]
[SourceDate "2021.10.06"]
[SourceVersion "1"]
[SourceVersionDate "2021.10.06"]
[SourceQuality "1"]

1. e4 c5 2. Nf3 Nc6 3. Nc3 e5 4. Bc4 d6 5. d3 Be7 6. h3 Nf6 7. Ng5 0-0 8. f4 h6 9. 0-0 exf4 10. Nf3 g5 11. g3 Bxh3 12. gxf4 Bxf1 13. fxg5 Bh3 14. gxf6 Bxf6 15. Bxh6 Bg4 16. Qf1 Ne5 17. Nxe5 Bxe5 18. Bxf8 Bd4+ 19. Kg2 Qg5 20. Qxf7+ Kh8 21. Bh6 Bf3+ 22. Kxf3 Qxh6 23. Kg4 1-0

[Event "Krakow op-B 29th"]
[Site "Krakow"]
[Date "2018.12.30"]
[Round "5"]
[White "Czyzykiewicz, Rafal"]
[Black "Kozlowski, Michal"]
[Result "0-1"]
[WhiteElo "1730"]
[BlackElo "1812"]
[PlyCount "128"]
[EventDate "2018.12.27"]
[EventType "swiss"]
[EventRounds "9"]
[EventCountry "POL"]
[SourceTitle "CBM 189 Extra"]
[Source "ChessBase"]
[SourceDate "2019.06.03"]
[SourceVersion "1"]
[SourceVersionDate "2019.06.03"]
[SourceQuality "1"]

1. e4 c5 2. c3 d5 3. exd5 Qxd5 4. d4 Nc6 5. Nf3 Bg4 6. Be2 e6 7. h3 Bh5 8. 0-0 Nf6 9. Na3 cxd4 10. Nb5 Rc8 11. Nbxd4 Bc5 12. Qa4 0-0 13. Be3 Nxd4 14. Bxd4 Bxd4 15. Nxd4 Bxe2 16. Nxe2 Qd2 17. Ng3 Qxb2 18. Rab1 Qxc3 19. Rxb7 a5 20. Rb3 Qe5 21. Rb5 Rc5 22. Rxc5 Qxc5 23. Rb1 Qc3 24. Ne4 Nxe4 25. Qxe4 g6 26. h4 h5 27. a4 Rd8 28. g3 Qd4 29. Qc6 Qd5 30. Qxd5 Rxd5 31. Rb5 Kg7 32. Kg2 Kf6 33. Rb3 Rd4 34. Ra3 Ke5 35. Kf3 f5 36. Ke3 f4+ 37. Kf3 fxg3 38. fxg3 Kd5 39. Rb3 Rc4 40. Rb5+ Rc5 41. Rb6 Ke5 42. Rb3 Kf5 43. Ke3 e5 44. Kd3 Rc1 45. Rb5 Ra1 46. Rxa5 Ra3+ 47. Ke2 Rxg3 48. Ra8 Rg4 49. a5 Rxh4 50. a6 Ke4 51. Rf8 Rh2+ 52. Rf2 Rh3 53. a7 Ra3 54. Rf7 Ra2+ 55. Kf1 h4 56. Rg7 Kf5 57. Rf7+ Kg4 58. Re7 g5 59. Rxe5 Rxa7 60. Kf2 Ra2+ 61. Ke3 h3 62. Re4+ Kg3 63. Re5 g4 64. Rh5 h2 0-1

[Event "Bialystok Zamenhof Memorial-C 35th"]
[Site "Bialystok"]
[Date "2017.12.28"]
[Round "4.27"]
[White "Kozlowski, Michal"]
[Black "Trzaskowska, Hanna"]
[Result "1-0"]
[WhiteElo "1600"]
[BlackElo "1475"]
[PlyCount "109"]
[EventDate "2017.12.27"]
[EventType "swiss"]
[EventRounds "9"]
[EventCountry "POL"]
[SourceTitle "EXT 2023"]
[Source "ChessBase"]
[SourceDate "2022.10.05"]
[SourceVersion "1"]
[SourceVersionDate "2022.10.05"]
[SourceQuality "1"]

1. e4 e5 2. Nf3 Nc6 3. Bc4 Bc5 4. d3 Nf6 5. Nc3 a6 6. h3 d6 7. Be3 Na5 8. Bxc5 dxc5 9. Nxe5 Nxc4 10. Nxc4 Be6 11. Ne3 Qd6 12. Qe2 Qb6 13. b3 Qb4 14. Qd2 0-0-0 15. Nc4 Bxc4 16. bxc4 Qb6 17. 0-0 Qd6 18. Qe3 Qd4 19. Qxd4 cxd4 20. Nd5 Nxd5 21. cxd5 Rd6 22. Rab1 c6 23. Rb6 Rhd8 24. Rfb1 cxd5 25. Rxb7 dxe4 26. Rxf7 exd3 27. cxd3 R6d7 28. Rxd7 Rxd7 29. Rb6 Rc7 30. Rd6 Rc1+ 31. Kh2 Rc2 32. a4 Rxf2 33. Rxd4 Ra2 34. h4 g6 35. Kh3 Kc7 36. g3 h5 37. Rf4 a5 38. Rf6 Rxa4 39. Rxg6 Rd4 40. Rg5 a4 41. Rxh5 Rxd3 42. Ra5 Rd4 43. h5 Kb6 44. Ra8 Kb7 45. Re8 a3 46. g4 Rd1 47. Re2 Kc7 48. Kh4 Kd8 49. h6 Rd6 50. Kh5 Rd7 51. g5 Ra7 52. Kg6 a2 53. Rxa2 Rxa2 54. h7 Rh2 55. Kg7 1-0

[Event "POL-chT3 Kujawsko Pomorskie 1617"]
[Site "Poland"]
[Date "2017.??.??"]
[Round "5.13"]
[White "Kozlowski, Michal"]
[Black "Kacprzak, Kacper"]
[Result "0-1"]
[WhiteElo "1259"]
[BlackElo "1574"]
[PlyCount "78"]
[EventDate "2016.11.06"]
[EventType "team-tourn"]
[EventRounds "9"]
[EventCountry "POL"]
[SourceTitle "EXT 2018"]
[Source "ChessBase"]
[SourceDate "2017.10.13"]
[SourceVersion "1"]
[SourceVersionDate "2017.10.13"]
[SourceQuality "1"]

1. e4 e6 2. d4 d5 3. exd5 exd5 4. Bd3 Bd6 5. Nc3 Ne7 6. Nge2 Nbc6 7. Be3 Nb4 8. a3 Nxd3+ 9. Qxd3 c6 10. h3 Bf5 11. Qd2 0-0 12. 0-0-0 b5 13. g4 Be6 14. f4 f5 15. g5 a5 16. Nb1 b4 17. a4 Bf7 18. Ng3 Qc7 19. h4 Ng6 20. Rdf1 Be6 21. Ne2 Bd7 22. h5 Ne7 23. Kd1 Rae8 24. Rh3 Bc8 25. Rf2 Ba6 26. Rhf3 Nc8 27. Qc1 Bxe2+ 28. Rxe2 c5 29. Nd2 cxd4 30. Bxd4 Rxe2 31. Kxe2 Bxf4 32. Be3 Re8 33. Kf2 Bxe3+ 34. Rxe3 Qh2+ 35. Kf3 Qh3+ 36. Kf2 Qxe3+ 37. Kg2 Qe2+ 38. Kg1 Qe1+ 39. Qxe1 Rxe1+ 0-1

[Event "POL-chT3 Kujawsko Pomorskie 1617"]
[Site "Poland"]
[Date "2016.11.27"]
[Round "2.23"]
[White "Bieluszewski, Lukasz"]
[Black "Kozlowski, Michal"]
[Result "1-0"]
[WhiteElo "1644"]
[BlackElo "1266"]
[PlyCount "51"]
[EventDate "2016.11.06"]
[EventType "team-tourn"]
[EventRounds "9"]
[EventCountry "POL"]
[SourceTitle "EXT 2018"]
[Source "ChessBase"]
[SourceDate "2017.10.13"]
[SourceVersion "1"]
[SourceVersionDate "2017.10.13"]
[SourceQuality "1"]

1. d4 d5 2. Nf3 e6 3. c4 Nf6 4. Nc3 c6 5. Bf4 Nbd7 6. c5 Be7 7. e3 h6 8. Bd3 b6 9. b4 Nh5 10. Ne5 Nxf4 11. exf4 Nxe5 12. fxe5 Bb7 13. Qg4 0-0 14. 0-0 a5 15. a3 axb4 16. axb4 bxc5 17. bxc5 Ra5 18. Ne2 Qc7 19. Nf4 Rfa8 20. Rxa5 Rxa5 21. Nxe6 fxe6 22. Qxe6+ Kh8 23. Qg6 Kg8 24. e6 Bxc5 25. dxc5 Qc8 26. e7 1-0